Deset lekcí z deseti let české transformace

Poučenie z českej cesty transformácie po desiatich rokoch. Podcenenie významu inštitucionálnej ekonómie. Pochopenie východiska transformácie. Inštrumentálna racionalita súkromného vlastníctva. Morálne hľadisko privatizácie. Urýchlená privatizácia bez pevných pravidiel. Nepochopenie a zneužitie ekono...

Ausführliche Beschreibung

Gespeichert in:
Bibliographische Detailangaben
1. Verfasser: Mlčoch, Lubomír
Format: Buchkapitel
Sprache:Tschechisch
Schlagworte:
Tags: Tag hinzufügen
Keine Tags, Fügen Sie das erste Tag hinzu!

MARC

LEADER 00000naa a2200000 4500
001 r041598
005 20231003122308.8
041 0 |a cze 
044 |a CZ 
245 1 0 |a Deset lekcí z deseti let české transformace  |c Lubomír Mlčoch 
520 |a Poučenie z českej cesty transformácie po desiatich rokoch. Podcenenie významu inštitucionálnej ekonómie. Pochopenie východiska transformácie. Inštrumentálna racionalita súkromného vlastníctva. Morálne hľadisko privatizácie. Urýchlená privatizácia bez pevných pravidiel. Nepochopenie a zneužitie ekonomickej teórie. 
610 2 0 |a transformácia 
610 2 0 |a Česko 
610 2 0 |a ideológia 
610 2 0 |a privatizácia 
610 2 0 |a 1989-1999 
100 1 |a Mlčoch, Lubomír